Bienvenue au Catalogue en Ligne des Bibliothèques de l'Universite du Burundi

Mise en place d'un système automatisé de gestion de projets au sein de l'association YELI BURUNDI (Record no. 53660)

000 -GUIDE
Champ de contrôle de longueur fixe 00847nam a22002177a 4500
003 - IDENTITÉ DU NUMÉRO DE CONTRÔLE
Champ de contrôle BI-BuBU
008 - ÉLÉMENTS DE LONGUEUR FIXE - RENSEIGNEMENTS GÉNÉRAUX
Champ de contrôle de longueur fixe 260324b2025 bd fr|||| 000 0 fre d
037 ## - SOURCE D'ACQUISITION
Source d'acquisition et du numéro d'inventaire don de l'auteur
039 ## - NIVEAU DE CONTRÔLE BIBLIOGRAPHIQUE ET HISTORIQUE D'ENCODAGE [OBSOLETE]
Date creation 20260324141254.0
Nom catalographe Edouard Niyonkuru
040 ## - SOURCE DU CATALOGAGE
Organisme qui a effectué le catalogage original BI-BuBU
Code de la langue utilisée dans le catalogage fre
Organisme qui a effectué la transcription BI-BuBU
Organisme qui a effectué la modification BI-BuBU
041 0# - CODE DE LANGUE
Code de langue du texte/de la piste sonore ou du titre distinct fre
080 ## - INDICE DE LA CLASSIFICATION DÉCIMALE UNIVERSELLE (CDU)
Indice de la Classification décimale universelle 681.3.041.
100 1# - VEDETTE PRINCIPALE - NOM DE PERSONNE
Code de relation aut.
Nom de personne Ndayizeye, Egide
245 10 - MENTION DU TITRE
Titre Mise en place d'un système automatisé de gestion de projets au sein de l'association YELI BURUNDI
Mention de responsabilité, etc. Egide Ndayizeye
260 ## - PUBLICATION, DIFFUSION, ETC. (ADRESSE BIBLIOGRAPHIQUE)
Lieu de publication, diffusion, etc. Bujumbura
Nom de l'éditeur, diffuseur, etc. Université du Burundi, Faculté des Sciences de l'Informatique
300 ## - DESCRIPTION MATÉRIELLE
Collation XIV-82 f.
Dimensions 30 cm.
500 ## - NOTE GÉNÉRALE
Note générale Mémoire présenté en vue de l'obtention du grade de master en Génie Informatique
650 #7 - VEDETTE-MATIÈRE - NOM COMMUN
Source du terme BI-BuBU
Vedette de sujet ou vedette comportant un nom géographique Système automatisé
Subdivision générale Gestion de Projet
Subdivision géographique Association YELIBURUNDI
655 #7 - TERME D'INDEXATION - GENRE OU FORME
Source du terme BI-BuBU
Données ou terme dominant sur le genre ou la forme book
942 ## - ÉLÉMENTS D'ENTRÉE ADDITIONNELLE (KOHA)
Source de la classification ou du système de rangement
Type d item koha BOOK
Holdings
Statut de retrait Statut de perte Source de la classification ou du système de rangement Statut de déterioration Exclu du prêt Numéro d item Koha Localisation permanente Localisation actuelle Date d'acquisition Source d'acquisition Nombre de prêts Cote Code-barres Date last seen Numéro d'exemplaire Prix en vigueur à partir du Type d item koha Numero d'inventaire
        Not For Loan 85488 Bibliothèque Centrale Bibliothèque Centrale 24/03/2026 don de l'auteur   R.681.3.041.NDA 5040000004726 24/03/2026 1 24/03/2026 Memoire 242211
© 2019-2026 - Bibliothèques de l'Université du Burundi |Tous droits réservés
home | Pour toute information urgente Contactez nous | tel whatsupp: +25779204313